01555nas a22002654a 4500007000300000008004100003017002900044022001300073040003000086041000800116050001700124110002500141245007800166260005000244300003700294310001300331504004100344520071000385650002301095650002201118650003501140650002501175700002601200856006301226ta180427b20141996mx mu|p| |||| 00| 0 spa d a04-2010-090816083700-102 a18709397 aULSAOAXcULSAOAXdULSAOAX0 aspa14aREVbMEXDESE2 aImpresiones Aéreas00aMéxico Desconocido Guía Especial /cImpresiones Aéreas S.A. de C.V.3 aMéxico :bImpresiones Aéreas S.A. de C.V. bfotos; ilustraciones ;c27.5 cm. aMensual. aIncluye referencias bibliográficas1 aDescubre México y sus destinos: ciudades, pueblos mágicos, playas, zonas arqueológicas, gastronomía y cultura. México Desconocido, con más de 40 años, ha sido pionero en reconocer y transmitir la riqueza inabarcable que tiene el país y que está ahí para ser descubierta. El amor por lo propio no es una moda: es identidad y nuestras plumas (Armando Vega-Gil, Carlos Lazcano, Gustavo Vela, Alfredo Martínez, Jimena Acevedo) y lentes (Claudio Contreras-Koob, Sergio Tapiro, Roberto Pedraza, Rodrigo Cruz) orientan, conmueven, transmiten la risa, informan con precisión y recomiendan lo más auténtico para que tu próximo viaje te cambie la vida, la tuya y la de tus anfitriones.1 aTurismozMéxico.10aTurismoxAventura10aTurismoxDestinos turísticos10aTurismoxGastronomia1 aSantos, Prun,eeditor403Sitio de la Revistauhttps://www.mexicodesconocido.com.mx/